<?xml version="1.0" encoding="UTF-8"?>
<record
    xmlns:xsi="http://www.w3.org/2001/XMLSchema-instance"
    xsi:schemaLocation="http://www.loc.gov/MARC21/slim http://www.loc.gov/standards/marcxml/schema/MARC21slim.xsd"
    xmlns="http://www.loc.gov/MARC21/slim">

  <leader>01300    a2200217   4500</leader>
  <controlfield tag="001">50084</controlfield>
  <controlfield tag="005">20260407155801.0</controlfield>
  <controlfield tag="008">260407a1988    arg                 spa d</controlfield>
  <controlfield tag="003">AR-UNSa-BCEJYS</controlfield>
  <datafield tag="040" ind1=" " ind2=" ">
    <subfield code="a">AR-UNSa-BCEJYS</subfield>
    <subfield code="b">spa</subfield>
    <subfield code="c">AR-UNSa-BCEJYS</subfield>
  </datafield>
  <datafield tag="080" ind1=" " ind2=" ">
    <subfield code="a">35:004</subfield>
    <subfield code="x">Administraci&#xF3;n P&#xFA;blica e Inform&#xE1;tica</subfield>
  </datafield>
  <datafield tag="245" ind1="1" ind2="0">
    <subfield code="a">Burocracia publica</subfield>
    <subfield code="p">Tecnologia inform&#xE1;tica, transformaci&#xF3;n cultural y condicionantes pol&#xED;ticos</subfield>
  </datafield>
  <datafield tag="020" ind1=" " ind2=" ">
    <subfield code="a">87-7088-465-4</subfield>
  </datafield>
  <datafield tag="264" ind1=" " ind2="1">
    <subfield code="a">Madrid :</subfield>
    <subfield code="b">Instituto Nacional de Administraci&#xF3;n P&#xFA;blica (INAP)</subfield>
    <subfield code="c">1988</subfield>
  </datafield>
  <datafield tag="300" ind1=" " ind2=" ">
    <subfield code="a">95 p.</subfield>
    <subfield code="c">21 cm.</subfield>
  </datafield>
  <datafield tag="505" ind1=" " ind2=" ">
    <subfield code="a">1. Organizaciones del sector p&#xFA;blico: &#xBF;La tecnolog&#xED;a inform&#xE1;tica es clave para su transformaci&#xF3;n? - 2. Caracter&#xED;sticas del estudio y precisiones conceptuales - 3. Presentaci&#xF3;n global de los casos seleccionados: S&#xED;ntesis de sus caracter&#xED;sticas m&#xE1;s salientes - 4. Insumos de informaci&#xF3;n - 5. Procesos, equipamiento y software - 6. Productos y usuarios - 7. Aspectos presupuestarios y costos - 8. Aspectos culturales - 9. S&#xED;ntesis descriptiva de los casos analizados - 10. An&#xE1;lisis comparativo, reelaboraci&#xF3;n conceptual y planteo de las principales hip&#xF3;tesis - 11. Consideraciones finales -</subfield>
  </datafield>
  <datafield tag="041" ind1=" " ind2=" ">
    <subfield code="a">spa</subfield>
  </datafield>
  <datafield tag="942" ind1=" " ind2=" ">
    <subfield code="c">BK</subfield>
  </datafield>
  <datafield tag="590" ind1=" " ind2=" ">
    <subfield code="a">niveau_biblio:m niveau_hierar:0</subfield>
  </datafield>
  <datafield tag="100" ind1="1" ind2=" ">
    <subfield code="a">Felcman, Isidoro Luis</subfield>
  </datafield>
  <datafield tag="999" ind1=" " ind2=" ">
    <subfield code="c">4946</subfield>
    <subfield code="d">4946</subfield>
  </datafield>
  <datafield tag="952" ind1=" " ind2=" ">
    <subfield code="0">0</subfield>
    <subfield code="1">0</subfield>
    <subfield code="4">0</subfield>
    <subfield code="7">0</subfield>
    <subfield code="a">BCEJYS</subfield>
    <subfield code="b">BCEJYS</subfield>
    <subfield code="c">16</subfield>
    <subfield code="d">2026-04-07</subfield>
    <subfield code="l">0</subfield>
    <subfield code="o">35:004 F311</subfield>
    <subfield code="p">L58447</subfield>
    <subfield code="r">2026-04-07 15:58:01</subfield>
    <subfield code="w">2026-04-07</subfield>
    <subfield code="y">L</subfield>
  </datafield>
</record>
